Talking environment : (Record no. 5595)

MARC details
000 -LEADER
fixed length control field 01292cam a2200217 4500
001 - CONTROL NUMBER
control field 6645
010 ## - LIBRARY OF CONGRESS CONTROL NUMBER
LC control number 2013319213
020 ## - INTERNATIONAL STANDARD BOOK NUMBER
International Standard Book Number 019809177X
International Standard Book Number 9780198091776
100 1# - MAIN ENTRY--PERSONAL NAME
Personal name Jahanbegloo, Ramin.
245 10 - TITLE STATEMENT
Title Talking environment :
Remainder of title Vandana Shiva in conversation with Ramin Jahanbegloo /
Statement of responsibility, etc. Ramin Jahanbegloo
264 #1 - PRODUCTION, PUBLICATION, DISTRIBUTION, MANUFACTURE, AND COPYRIGHT NOTICE
Place of production, publication, distribution, manufacture New Delhi :
Name of producer, publisher, distributor, manufacturer Oxford University Press,
Date of production, publication, distribution, manufacture, or copyright notice 2013.
300 ## - PHYSICAL DESCRIPTION
Extent xvi, 106 pages ;
Dimensions 22 cm
336 ## - CONTENT TYPE
Content type term text
Source rdacontent
337 ## - MEDIA TYPE
Media type term unmediated
Source rdamedia
338 ## - CARRIER TYPE
Carrier type term volume
Source rdacarrier
505 ## - FORMATTED CONTENTS NOTE
Formatted contents note From Dehradun to Western Ontario -- New perspectives on Gandhi -- The division -- Thinking eco-feminism -- Saving the ecosystem -- Ending with eco-imperialism.
Miscellaneous information
Statement of responsibility
Title
520 ## - SUMMARY, ETC.
Summary, etc. Iranian scholar Ramin Jahanbegloo interviews one of the most well-known environment activists of our time, Vandana Shiva, and in the process, addresses issues ranging from nature and spiritualism, the Chipko Movement and the birth of Navdanya, 'earth democracy', and 'seed globalization' to the functioning of neoliberal paradigm in India, swadeshi and village governance, corruption in India, the future of Indian farmers, and the relevance of Gandhi in thetwenty-first century.
600 10 - SUBJECT ADDED ENTRY--PERSONAL NAME
Personal name Shiva, Vandana
Form subdivision Interviews.
650 #0 - SUBJECT ADDED ENTRY--TOPICAL TERM
Topical term or geographic name entry element Ecofeminism
Geographic subdivision India
Form subdivision Miscellanea.
Holdings
Withdrawn status Lost status Source of classification or shelving scheme Damaged status Not for loan Collection code Home library Current library Shelving location Date acquired Serial Enumeration / chronology Inventory number Total Checkouts Total Renewals Full call number Barcode Date last seen Date last checked out Price effective from Koha item type
    Dewey Decimal Classification     Main TEST RTC Library RTC Library Main opac 27/11/2018 10443 3 1 304.2 SHI 30010640 30/06/2023 08/06/2023 27/11/2018 Main
Royal Thimphu College || All Right Reserved